000
00219nam a2200097Ia 4500
008
230508s1986 xx 000 0 und d
041
_a
eng
100
_a
RAMAMRUTHAM S.
245
_a
THEORY OF STRUCTURE.
260
_c
1986
999
_c
315912
_d
315912